Algebraic Theory of Numbers.
Na minha lista:
| Autor principal: | |
|---|---|
| Formato: | Desconhecido |
| Publicado em: |
Princeton, New Jersey, USA:
Princeton University Press,
1998.
|
| coleção: | Princeton Landmarks in Mathematics and Physics
|
| Assuntos: | |
| Tags: |
Adicionar Tag
Sem tags, seja o primeiro a adicionar uma tag!
|
MARC
| LEADER | 00000 a2200000 4500 | ||
|---|---|---|---|
| 003 | CL-VaPUC | ||
| 005 | 20250120153211.0 | ||
| 008 | 250103t1998 ||||| |||| 00| 0 eng d | ||
| 999 | |c 446312 |d 446310 | ||
| 020 | |a 9780691059174 | ||
| 040 | |c Pontificia Universidad Católica de Valparaíso | ||
| 082 | 7 | |a 512.74 WEY 1998 |2 22 | |
| 100 | |a Weyl, Hermann |9 427486 |e author | ||
| 245 | |a Algebraic Theory of Numbers. | ||
| 260 | |a Princeton, New Jersey, USA: |b Princeton University Press, |c 1998. | ||
| 300 | |a ix, 222 páginas. | ||
| 490 | |a Princeton Landmarks in Mathematics and Physics | ||
| 583 | |k GC |c 20250103 | ||
| 650 | 0 | |a Teoría algebraica de números |9 887995 | |
| 942 | |2 ddc |c BK | ||
| 952 | |0 0 |1 0 |2 ddc |4 0 |6 512_740000000000000_WEY_1998 |7 0 |8 A |9 598794 |a BIBMAT |b BIBMAT |d 2025-01-02 |e 1 |g 106392.00 |i 5663730 |o 512.74 WEY 1998 |p 5663730 |r 2025-01-02 |t 1 |v 106392.00 |w 2025-01-02 |y BK |k MAT | ||